[Event "MSR2018s4"]
[Site "?"]
[Date "2018.04.22"]
[Round "3.1"]
[White "Kaufmanova, Karin"]
[Black "Obrocnikova, Barbora"]
[Result "0-1"]
[BlackElo "1181"]
[WhiteElo "1092"]
[LiveChessVersion "1.4.8"]

1. e4 {[%clk 1:30:58]} e5 {[%clk 1:30:38]} 2. Nf3 {[%clk 1:31:17]} Nc6
{[%clk 1:31:04]} 3. Bc4 {[%clk 1:31:26]} Bc5 {[%clk 1:31:16]} 4. Nc3
{[%clk 1:31:36]} Nf6 {[%clk 1:31:10]} 5. d3 {[%clk 1:31:48]} d6 {[%clk 1:31:01]}
6. Bg5 {[%clk 1:31:55]} h6 {[%clk 1:29:51]} 7. Bh4 {[%clk 1:31:49]} g5
{[%clk 1:29:56]} 8. Bg3 {[%clk 1:31:55]} Bg4 {[%clk 1:29:45]} 9. h3
{[%clk 1:31:47]} Bxf3 {[%clk 1:29:15]} 10. Qxf3 Nd4 11. Qd1 {[%clk 1:28:57]} Qd7
{[%clk 1:27:15]} 12. Qd2 {[%clk 1:25:03]} O-O-O {[%clk 1:27:26]} 13. O-O-O
{[%clk 1:25:24]} Kb8 {[%clk 1:27:21]} 14. Kb1 Qc6 15. f3 {[%clk 1:24:40]} Qb6
{[%clk 1:26:54]} 16. Bf2 {[%clk 1:23:53]} Ba3 {[%clk 1:23:24]} 17. b3
{[%clk 1:21:37]} Bb4 {[%clk 1:18:31]} 18. Bxd4 {[%clk 1:21:43]} exd4
{[%clk 1:18:37]} 19. Qe2 {[%clk 1:15:19]} Bxc3 {[%clk 1:18:50]} 20. a3
{[%clk 1:13:14]} Qa5 {[%clk 1:18:13]} 21. a4 {[%clk 1:13:31]} Qb4
{[%clk 1:18:26]} 22. Ka2 {[%clk 1:13:47]} Nd7 {[%clk 1:18:02]} 23. Rb1
{[%clk 1:14:02]} Nb6 {[%clk 1:17:29]} 24. Rhd1 {[%clk 1:13:35]} Nxa4
{[%clk 1:17:32]} 25. bxa4 {[%clk 1:13:47]} Qxa4# {[%clk 1:17:48]} 0-1

[Event "MSR2018s4"]
[Site "?"]
[Date "2018.04.22"]
[Round "3.2"]
[White "Sekova, Olivia"]
[Black "Knapova, Nicol"]
[Result "0-1"]
[BlackElo "1000"]
[WhiteElo "1043"]
[LiveChessVersion "1.4.8"]

1. e4 {[%clk 1:30:55]} e5 {[%clk 1:30:45]} 2. Nf3 {[%clk 1:30:56]} Nc6
{[%clk 1:31:01]} 3. Bc4 {[%clk 1:30:42]} Bc5 {[%clk 1:30:53]} 4. d3
{[%clk 1:29:50]} d6 {[%clk 1:30:58]} 5. c3 {[%clk 1:29:27]} Nf6 {[%clk 1:30:23]}
6. h3 {[%clk 1:28:09]} h6 {[%clk 1:30:34]} 7. O-O {[%clk 1:27:32]} g6
{[%clk 1:29:41]} 8. Be3 {[%clk 1:26:15]} Nh5 {[%clk 1:29:04]} 9. Bxc5
{[%clk 1:25:28]} dxc5 {[%clk 1:28:55]} 10. Nbd2 {[%clk 1:25:16]} Nf4
{[%clk 1:28:19]} 11. Nb3 {[%clk 1:24:19]} b6 {[%clk 1:28:17]} 12. Qd2
{[%clk 1:23:31]} g5 {[%clk 1:27:04]} 13. Bb5 {[%clk 1:22:21]} Qd6
{[%clk 1:25:36]} 14. Nxe5 {[%clk 1:21:39]} Bd7 {[%clk 1:25:27]} 15. Bxc6
{[%clk 1:21:12]} Bxc6 {[%clk 1:25:27]} 16. Nxc6 {[%clk 1:21:21]} Qxc6
{[%clk 1:25:29]} 17. Rfe1 {[%clk 1:20:02]} O-O-O {[%clk 1:24:53]} 18. Qe3
{[%clk 1:19:20]} Rxd3 {[%clk 1:23:37]} 19. Qc1 {[%clk 1:18:51]} Re8
{[%clk 1:23:43]} 20. Nd2 {[%clk 1:17:49]} f5 {[%clk 1:23:23]} 21. f3
{[%clk 1:17:28]} fxe4 {[%clk 1:22:31]} 22. Rxe4 {[%clk 1:16:49]} Rxe4
{[%clk 1:22:32]} 23. Qc2 {[%clk 1:15:16]} Re2 {[%clk 1:22:12]} 24. Rd1
{[%clk 1:14:34]} Rxg2+ {[%clk 1:21:16]} 25. Kf1 {[%clk 1:13:42]} Rg3
{[%clk 1:21:04]} 26. Kf2 {[%clk 1:13:04]} Rg2+ {[%clk 1:20:24]} 27. Ke1
{[%clk 1:13:01]} Qe6+ {[%clk 1:20:11]} 28. Ne4 {[%clk 1:13:00]} Rxc2 29. Rxd3
Nxd3+ {[%clk 1:19:45]} 30. Kd1 {[%clk 1:13:20]} Rxb2 {[%clk 1:20:02]} 31. a3
{[%clk 1:13:06]} Qxh3 {[%clk 1:20:00]} 32. Nd2 {[%clk 1:11:41]} Qg2
{[%clk 1:19:36]} 33. Nf1 {[%clk 1:10:11]} 0-1

[Event "MSR2018s4"]
[Site "?"]
[Date "2018.04.22"]
[Round "3.3"]
[White "Dujava, Adam"]
[Black "Vozar, Adam"]
[Result "0-1"]
[BlackElo "1058"]
[WhiteElo "1251"]
[LiveChessVersion "1.4.8"]

1. e4 {[%clk 1:30:58]} c5 {[%clk 1:30:51]} 2. c4 {[%clk 1:31:00]} Nc6
{[%clk 1:31:02]} 3. d3 {[%clk 1:31:22]} g6 {[%clk 1:31:15]} 4. Nc3
{[%clk 1:31:34]} Bg7 {[%clk 1:31:31]} 5. Bd2 {[%clk 1:32:00]} Nf6
{[%clk 1:31:35]} 6. g3 {[%clk 1:32:22]} O-O {[%clk 1:31:40]} 7. Bg2
{[%clk 1:32:45]} d6 {[%clk 1:30:15]} 8. Nge2 {[%clk 1:32:57]} Be6
{[%clk 1:27:30]} 9. O-O {[%clk 1:33:06]} Qd7 {[%clk 1:27:13]} 10. Nd5
{[%clk 1:32:06]} Bxd5 {[%clk 1:27:04]} 11. exd5 {[%clk 1:32:28]} Ne5
{[%clk 1:27:07]} 12. f4 {[%clk 1:32:21]} Nxd3 {[%clk 1:26:51]} 13. Qb3
{[%clk 1:31:53]} Nb4 {[%clk 1:27:04]} 14. Bxb4 {[%clk 1:32:14]} cxb4
{[%clk 1:27:06]} 15. Qxb4 {[%clk 1:32:33]} a5 {[%clk 1:25:04]} 16. Qb5
{[%clk 1:31:17]} Qxb5 {[%clk 1:25:20]} 17. cxb5 {[%clk 1:31:41]} Ng4
{[%clk 1:25:38]} 18. Rab1 {[%clk 1:29:41]} Rac8 19. Bh3 f5 {[%clk 1:24:40]} 20.
Rfc1 {[%clk 1:29:35]} Rxc1+ {[%clk 1:24:41]} 21. Rxc1 {[%clk 1:29:56]} Bxb2
{[%clk 1:24:44]} 22. Rc7 {[%clk 1:30:22]} b6 {[%clk 1:24:07]} 23. Rxe7
{[%clk 1:30:22]} Rf7 {[%clk 1:23:26]} 24. Re8+ {[%clk 1:30:24]} Rf8
{[%clk 1:21:21]} 25. Re6 {[%clk 1:28:36]} Ba3 {[%clk 1:21:32]} 26. Bxg4
{[%clk 1:28:51]} fxg4 {[%clk 1:21:54]} 27. Nc3 {[%clk 1:26:40]} Rc8
{[%clk 1:21:44]} 28. Ne2 {[%clk 1:19:44]} Rc2 {[%clk 1:21:42]} 29. Kf1
{[%clk 1:18:56]} Rxa2 {[%clk 1:21:34]} 30. Re8+ {[%clk 1:19:17]} Kg7
{[%clk 1:21:57]} 31. Rb8 {[%clk 1:19:35]} Ra1+ {[%clk 1:22:12]} 32. Kg2
{[%clk 1:17:35]} Ra2 {[%clk 1:21:56]} 33. Kf1 {[%clk 1:17:11]} Bc5
{[%clk 1:21:35]} 34. Re8 {[%clk 1:16:23]} Rb2 {[%clk 1:21:39]} 35. Nc3
{[%clk 1:15:14]} Rxh2 {[%clk 1:21:44]} 36. Ne4 {[%clk 1:15:14]} a4
{[%clk 1:20:26]} 37. Nxc5 {[%clk 1:15:32]} bxc5 {[%clk 1:18:01]} 38. b6
{[%clk 1:15:53]} a3 {[%clk 1:18:16]} 39. Ra8 {[%clk 1:16:01]} Rb2
{[%clk 1:18:29]} 40. Ra7+ {[%clk 1:15:21]} Kh6 {[%clk 1:18:47]} 41. b7
{[%clk 1:15:29]} a2 {[%clk 1:18:47]} 42. Rxa2 {[%clk 1:15:52]} Rxb7
{[%clk 1:19:06]} 43. Ra6 {[%clk 1:15:46]} Rd7 {[%clk 1:19:27]} 44. Ke2
{[%clk 1:15:32]} g5 {[%clk 1:19:41]} 45. f5 {[%clk 1:15:44]} Kg7 {[%clk 1:19:49]}
46. Ra4 {[%clk 1:15:39]} Kf6 {[%clk 1:19:45]} 47. Rxg4 {[%clk 1:15:45]} Kxf5
{[%clk 1:20:09]} 48. Ra4 {[%clk 1:15:29]} Ke5 {[%clk 1:20:03]} 49. Rg4
{[%clk 1:15:39]} Re7 {[%clk 1:20:00]} 50. Kd3 {[%clk 1:15:44]} Rg7
{[%clk 1:19:54]} 51. Kc4 {[%clk 1:15:58]} h5 {[%clk 1:20:01]} 0-1

[Event "MSR2018s4"]
[Site "?"]
[Date "2018.04.22"]
[Round "3.4"]
[White "Durovka, Marek"]
[Black "Strapec, Lukas"]
[Result "1-0"]
[BlackElo "1201"]
[WhiteElo "1000"]
[LiveChessVersion "1.4.8"]

1. Nf3 {[%clk 1:30:56]} Nf6 {[%clk 1:30:34]} 2. d4 {[%clk 1:31:17]} d5
{[%clk 1:30:41]} 3. Bf4 {[%clk 1:31:31]} Bf5 {[%clk 1:30:19]} 4. e3
{[%clk 1:31:55]} e6 {[%clk 1:29:53]} 5. Nbd2 {[%clk 1:31:51]} Nbd7
{[%clk 1:27:42]} 6. c4 {[%clk 1:30:22]} c6 {[%clk 1:27:23]} 7. c5
{[%clk 1:27:13]} Be7 {[%clk 1:21:18]} 8. Be2 {[%clk 1:27:14]} O-O
{[%clk 1:17:32]} 9. O-O {[%clk 1:27:27]} Nh5 {[%clk 1:15:48]} 10. Bg3
{[%clk 1:25:56]} Nxg3 11. hxg3 {[%clk 1:25:41]} b6 {[%clk 1:10:48]} 12. b4
{[%clk 1:24:17]} bxc5 {[%clk 1:06:25]} 13. bxc5 {[%clk 1:24:32]} Rb8
{[%clk 1:02:21]} 14. Nb3 {[%clk 1:19:23]} Nf6 {[%clk 0:59:28]} 15. Ne5
{[%clk 1:19:00]} Qc7 {[%clk 0:56:26]} 16. Qd2 {[%clk 1:10:45]} Ne4
{[%clk 0:55:57]} 17. Qa5 {[%clk 1:09:24]} Qb7 {[%clk 0:47:39]} 18. Ba6
{[%clk 1:03:14]} Bd8 {[%clk 0:39:35]} 19. Bxb7 {[%clk 1:01:50]} Bxa5
{[%clk 0:39:21]} 20. Nxa5 {[%clk 1:02:10]} Nf6 {[%clk 0:35:25]} 21. Nexc6
{[%clk 1:00:16]} Rbe8 {[%clk 0:34:44]} 22. Ba6 {[%clk 0:58:06]} Ne4
{[%clk 0:30:45]} 23. g4 {[%clk 0:56:58]} Bg6 {[%clk 0:29:21]} 24. f3
{[%clk 0:55:54]} Nf6 {[%clk 0:26:38]} 25. Ne5 {[%clk 0:54:08]} Rb8
{[%clk 0:25:15]} 26. g5 {[%clk 0:54:06]} Rb2 {[%clk 0:23:03]} 27. gxf6
{[%clk 0:54:06]} Rd2 {[%clk 0:21:59]} 28. Nxg6 {[%clk 0:54:11]} fxg6
{[%clk 0:21:51]} 29. fxg7 {[%clk 0:54:10]} Rf5 {[%clk 0:21:47]} 30. Rf2
{[%clk 0:53:39]} Rxf2 {[%clk 0:21:23]} 31. Kxf2 {[%clk 0:52:04]} 1-0

[Event "MSR2018s4"]
[Site "?"]
[Date "2018.04.22"]
[Round "3.5"]
[White "Roman, Jakub"]
[Black "Boba, Kristian"]
[Result "1-0"]
[BlackElo "1050"]
[WhiteElo "1000"]
[LiveChessVersion "1.4.8"]

1. e4 {[%clk 1:30:57]} e5 {[%clk 1:30:47]} 2. Nf3 {[%clk 1:31:14]} Nc6
{[%clk 1:30:55]} 3. Bc4 {[%clk 1:31:34]} h6 {[%clk 1:31:04]} 4. d3
{[%clk 1:31:54]} Nf6 {[%clk 1:31:23]} 5. Nc3 {[%clk 1:31:57]} Bc5
{[%clk 1:31:19]} 6. O-O {[%clk 1:31:58]} O-O {[%clk 1:31:37]} 7. Nh4
{[%clk 1:32:09]} a6 {[%clk 1:31:27]} 8. Be3 {[%clk 1:32:18]} Bd4 {[%clk 1:32:34]}
9. Qf3 {[%clk 1:31:51]} d6 {[%clk 1:32:41]} 10. Nf5 {[%clk 1:31:50]} Bxf5
{[%clk 1:32:23]} 11. exf5 {[%clk 1:28:13]} Bxe3 {[%clk 1:32:23]} 12. fxe3
{[%clk 1:28:13]} b5 {[%clk 1:32:15]} 13. Bb3 {[%clk 1:28:12]} Qd7 14. Qg3
{[%clk 1:28:16]} Nh5 {[%clk 1:31:23]} 15. Qg6 {[%clk 1:27:59]} Nf6
{[%clk 1:31:29]} 16. Nd5 {[%clk 1:27:51]} Nxd5 {[%clk 1:28:55]} 17. Bxd5
{[%clk 1:27:55]} Rae8 {[%clk 1:28:09]} 18. f6 {[%clk 1:28:02]} Kh8
{[%clk 1:27:53]} 19. Qxg7# Nb8 1-0

[Event "MSR2018s4"]
[Site "?"]
[Date "2018.04.22"]
[Round "3.6"]
[White "Banas, Samuel"]
[Black "Hudak, Michal"]
[Result "1-0"]
[BlackElo "1031"]
[WhiteElo "1063"]
[LiveChessVersion "1.4.8"]

1. d4 {[%clk 1:25:21]} Nf6 {[%clk 1:28:58]} 2. Nf3 {[%clk 1:25:32]} g6
{[%clk 1:27:59]} 3. Bf4 {[%clk 1:24:41]} Bg7 {[%clk 1:28:09]} 4. e3
{[%clk 1:22:21]} O-O {[%clk 1:26:09]} 5. Bd3 {[%clk 1:21:47]} b6 {[%clk 1:25:53]}
6. O-O {[%clk 1:20:46]} Bb7 {[%clk 1:26:12]} 7. Nbd2 {[%clk 1:18:00]} c5
{[%clk 1:23:55]} 8. c3 {[%clk 1:18:01]} d6 {[%clk 1:23:52]} 9. e4
{[%clk 1:16:13]} Nbd7 {[%clk 1:19:03]} 10. Re1 {[%clk 1:13:07]} Qc7
{[%clk 1:18:32]} 11. Qc2 {[%clk 1:11:56]} Nh5 {[%clk 1:18:24]} 12. Be3
{[%clk 1:11:42]} e5 {[%clk 1:15:47]} 13. d5 {[%clk 1:10:57]} f5 {[%clk 1:09:37]}
14. exf5 {[%clk 1:10:58]} gxf5 {[%clk 1:09:35]} 15. Bxf5 {[%clk 1:11:06]} Nhf6
{[%clk 1:03:11]} 16. Ng5 {[%clk 1:11:05]} h6 {[%clk 1:02:01]} 17. Bh7+
{[%clk 1:08:57]} Kh8 {[%clk 1:02:18]} 18. Ne6 {[%clk 1:08:35]} Qc8
{[%clk 1:01:01]} 19. Nxg7 {[%clk 1:08:01]} Kxg7 {[%clk 0:56:23]} 20. Qg6+
{[%clk 1:08:15]} Kh8 {[%clk 0:55:48]} 21. Bxh6 {[%clk 1:08:30]} Ne8
{[%clk 0:50:28]} 22. Bxf8 {[%clk 1:08:39]} Nxf8 {[%clk 0:50:48]} 23. Qg8#
{[%clk 1:08:11]} 1-0

[Event "MSR2018s4"]
[Site "?"]
[Date "2018.04.22"]
[Round "3.7"]
[White "Sevcik, Ondrej"]
[Black "Kulich, Filip"]
[Result "0-1"]
[BlackElo "1000"]
[WhiteElo "1209"]
[LiveChessVersion "1.4.8"]

1. e4 {[%clk 1:30:58]} e5 {[%clk 1:20:59]} 2. Nf3 {[%clk 1:31:16]} d6
{[%clk 1:21:17]} 3. Nc3 {[%clk 1:31:28]} Nc6 {[%clk 1:21:37]} 4. Bb5
{[%clk 1:31:38]} Bd7 {[%clk 1:22:02]} 5. d3 {[%clk 1:31:38]} Nf6 {[%clk 1:22:19]}
6. Bg5 {[%clk 1:31:20]} Be7 {[%clk 1:22:38]} 7. O-O {[%clk 1:30:59]} h6
{[%clk 1:22:59]} 8. Bc4 {[%clk 1:29:58]} hxg5 {[%clk 1:23:19]} 9. Nxg5
{[%clk 1:29:37]} O-O {[%clk 1:23:37]} 10. Qe1 {[%clk 1:27:09]} Ng4
{[%clk 1:23:52]} 11. Nf3 {[%clk 1:25:52]} Nd4 {[%clk 1:23:56]} 12. h3
{[%clk 1:25:43]} Nf6 {[%clk 1:24:16]} 13. Ng5 {[%clk 1:25:29]} Nxc2
{[%clk 1:24:34]} 14. Qc1 {[%clk 1:25:33]} Nxa1 {[%clk 1:25:00]} 15. Qxa1
{[%clk 1:25:27]} Nh5 {[%clk 1:25:12]} 16. Qd1 Nf4 17. g3 {[%clk 1:24:00]} Nxd3
{[%clk 1:25:35]} 18. Qxd3 {[%clk 1:23:42]} Bxg5 {[%clk 1:25:58]} 19. h4
{[%clk 1:21:53]} Bf6 {[%clk 1:26:07]} 20. Qd5 {[%clk 1:21:01]} Be6
{[%clk 1:26:17]} 21. Qxb7 {[%clk 1:20:55]} Bxc4 {[%clk 1:26:39]} 22. Rd1
{[%clk 1:20:37]} Rb8 {[%clk 1:26:52]} 23. Qxa7 {[%clk 1:20:34]} Rxb2
{[%clk 1:26:53]} 24. Qa4 {[%clk 1:19:45]} Be6 {[%clk 1:26:55]} 25. Rd3
{[%clk 1:18:06]} Qa8 {[%clk 1:27:00]} 26. Qd1 {[%clk 1:18:06]} Bxa2
{[%clk 1:27:16]} 27. Nxa2 {[%clk 1:18:10]} Qxa2 {[%clk 1:27:41]} 28. Qf1
{[%clk 1:17:47]} Rb1 {[%clk 1:28:06]} 0-1

[Event "MSR2018s4"]
[Site "?"]
[Date "2018.04.22"]
[Round "3.8"]
[White "Martynek, Filip"]
[Black "Dolnik, Michal"]
[Result "0-1"]
[BlackElo "1095"]
[WhiteElo "1000"]
[LiveChessVersion "1.4.8"]

1. e4 {[%clk 1:30:30]} e5 {[%clk 1:30:30]} 2. Bc4 {[%clk 1:30:30]} Nf6
{[%clk 1:30:30]} 3. d3 {[%clk 1:30:16]} Bc5 {[%clk 1:30:32]} 4. Nf3
{[%clk 1:30:05]} Nc6 {[%clk 1:30:17]} 5. O-O {[%clk 1:29:49]} d6 {[%clk 1:30:19]}
6. h3 {[%clk 1:30:01]} O-O {[%clk 1:30:34]} 7. Bg5 {[%clk 1:29:40]} Be6
{[%clk 1:26:48]} 8. Bxe6 {[%clk 1:26:49]} fxe6 {[%clk 1:27:07]} 9. Nc3
{[%clk 1:26:37]} Qe8 {[%clk 1:27:12]} 10. Bxf6 {[%clk 1:26:49]} Rxf6
{[%clk 1:27:24]} 11. Na4 {[%clk 1:26:40]} Bb6 {[%clk 1:27:26]} 12. Nxb6
{[%clk 1:26:07]} axb6 {[%clk 1:27:46]} 13. a3 {[%clk 1:25:33]} Qg6
{[%clk 1:25:48]} 14. d4 {[%clk 1:24:42]} Nxd4 {[%clk 1:25:38]} 15. Nxd4
{[%clk 1:24:46]} exd4 {[%clk 1:25:47]} 16. Qxd4 {[%clk 1:24:46]} e5
{[%clk 1:26:03]} 17. Qe3 {[%clk 1:24:51]} Qh6 {[%clk 1:26:06]} 18. Qe1
{[%clk 1:24:06]} Rg6 {[%clk 1:26:16]} 19. Rd1 {[%clk 1:23:41]} Qxh3
{[%clk 1:26:24]} 20. g3 {[%clk 1:23:50]} Rf8 {[%clk 1:25:57]} 21. c4
{[%clk 1:23:20]} Rh6 {[%clk 1:25:12]} 0-1

[Event "MSR2018s4"]
[Site "?"]
[Date "2018.04.22"]
[Round "3.9"]
[White "Elias, Simon"]
[Black "Szczygel, Viktor"]
[Result "1-0"]
[BlackElo "1000"]
[WhiteElo "1036"]
[LiveChessVersion "1.4.8"]

1. e4 {[%clk 1:30:55]} e5 {[%clk 1:30:55]} 2. Nf3 {[%clk 1:31:14]} Nc6
{[%clk 1:31:08]} 3. Bb5 {[%clk 1:31:34]} Nf6 {[%clk 1:31:07]} 4. O-O
{[%clk 1:31:41]} Bc5 {[%clk 1:31:05]} 5. Re1 {[%clk 1:31:34]} O-O
{[%clk 1:31:16]} 6. c3 {[%clk 1:31:45]} h6 {[%clk 1:31:18]} 7. d4
{[%clk 1:31:45]} Bd6 {[%clk 1:31:22]} 8. Bxc6 {[%clk 1:31:37]} dxc6
{[%clk 1:31:20]} 9. dxe5 {[%clk 1:31:46]} Ng4 {[%clk 1:29:15]} 10. exd6
{[%clk 1:31:46]} cxd6 {[%clk 1:29:21]} 11. Bf4 {[%clk 1:31:44]} Qf6
{[%clk 1:29:17]} 12. Bxd6 {[%clk 1:31:02]} Rd8 {[%clk 1:28:53]} 13. e5
{[%clk 1:30:38]} Qg6 {[%clk 1:28:39]} 14. h3 Nxe5 15. Rxe5 Rxd6 {[%clk 1:26:37]}
16. Qe2 {[%clk 1:30:00]} b6 {[%clk 1:26:15]} 17. Na3 {[%clk 1:29:40]} c5
{[%clk 1:26:08]} 18. Nc4 {[%clk 1:29:55]} Rf6 {[%clk 1:25:19]} 19. Nh4
{[%clk 1:30:03]} Qh7 {[%clk 1:23:12]} 20. Re8# 1-0

[Event "MSR2018s4"]
[Site "?"]
[Date "2018.04.22"]
[Round "3.10"]
[White "Meszaros, Casey Ryan"]
[Black "Kriska, Alexander"]
[Result "1-0"]
[BlackElo "1000"]
[WhiteElo "1000"]
[LiveChessVersion "1.4.8"]

1. e4 {[%clk 1:30:56]} e5 {[%clk 1:30:37]} 2. Nf3 {[%clk 1:31:12]} Nf6
{[%clk 1:30:41]} 3. Nxe5 {[%clk 1:31:17]} d6 {[%clk 1:30:30]} 4. Nf3
{[%clk 1:31:26]} Nxe4 {[%clk 1:30:33]} 5. Qe2 {[%clk 1:31:39]} Qe7
{[%clk 1:30:29]} 6. d3 {[%clk 1:31:10]} Nf6 {[%clk 1:29:50]} 7. Qxe7+
{[%clk 1:30:55]} Bxe7 {[%clk 1:29:59]} 8. Be2 {[%clk 1:31:04]} O-O
{[%clk 1:30:04]} 9. O-O {[%clk 1:31:19]} Bg4 {[%clk 1:29:58]} 10. Bg5
{[%clk 1:30:53]} h6 {[%clk 1:29:42]} 11. h3 {[%clk 1:31:04]} Bxf3
{[%clk 1:29:31]} 12. Bxf6 {[%clk 1:31:26]} Bxf6 {[%clk 1:29:15]} 13. Bxf3
{[%clk 1:31:39]} Re8 {[%clk 1:29:25]} 14. Nc3 {[%clk 1:30:55]} a6
{[%clk 1:29:27]} 15. Bxb7 {[%clk 1:30:52]} Ra7 {[%clk 1:29:32]} 16. Bf3
{[%clk 1:30:47]} Bxc3 {[%clk 1:29:22]} 17. bxc3 {[%clk 1:31:06]} Rb7
{[%clk 1:29:08]} 18. Bxb7 {[%clk 1:31:25]} g5 {[%clk 1:28:46]} 19. Rfe1
{[%clk 1:31:32]} Rf8 {[%clk 1:28:38]} 20. Re7 {[%clk 1:31:48]} h5
{[%clk 1:26:26]} 21. Rae1 {[%clk 1:29:35]} g4 {[%clk 1:25:32]} 22. Re8
{[%clk 1:29:50]} Rxe8 {[%clk 1:25:09]} 23. Rxe8+ {[%clk 1:30:06]} Kg7
{[%clk 1:25:17]} 24. Rxb8 {[%clk 1:30:26]} gxh3 {[%clk 1:25:20]} 25. gxh3
{[%clk 1:30:45]} a5 {[%clk 1:24:50]} 26. Ra8 {[%clk 1:31:00]} c5 {[%clk 1:24:21]}
27. Rxa5 {[%clk 1:31:21]} h4 {[%clk 1:24:16]} 28. Ra4 {[%clk 1:31:35]} Kg6
{[%clk 1:24:07]} 29. Rxh4 {[%clk 1:31:38]} Kg5 {[%clk 1:24:09]} 30. Rg4+
{[%clk 1:31:43]} Kf5 {[%clk 1:24:01]} 31. Bc8+ {[%clk 1:31:58]} Ke5
{[%clk 1:24:10]} 32. d4+ {[%clk 1:32:15]} cxd4 {[%clk 1:24:32]} 33. cxd4+
{[%clk 1:32:30]} Kd5 {[%clk 1:24:02]} 34. Rf4 {[%clk 1:32:26]} Kc6
{[%clk 1:23:34]} 35. Rxf7 {[%clk 1:32:52]} Kd5 {[%clk 1:22:31]} 36. Rf6
{[%clk 1:33:00]} Kc6 {[%clk 1:22:16]} 37. Bb7+ {[%clk 1:33:12]} Kc7
{[%clk 1:22:19]} 38. h4 {[%clk 1:33:27]} Kd7 {[%clk 1:20:26]} 39. h5
{[%clk 1:33:37]} Ke7 {[%clk 1:20:51]} 40. Rf3 {[%clk 1:33:53]} Ke8
{[%clk 1:19:51]} 41. h6 {[%clk 1:34:09]} Ke7 {[%clk 1:20:13]} 42. h7
{[%clk 1:34:21]} Ke8 {[%clk 1:20:32]} 43. h8=Q+ {[%clk 1:34:24]} Ke7
{[%clk 1:20:36]} 44. Qg7+ {[%clk 1:34:24]} Ke6 {[%clk 1:20:29]} 45. Bc6
{[%clk 1:34:40]} d5 {[%clk 1:19:23]} 46. Qf6# 1-0

[Event "MSR2018s4"]
[Site "?"]
[Date "2018.04.22"]
[Round "3.11"]
[White "Zvoda, Matej"]
[Black "Sokolsky, David"]
[Result "1-0"]
[BlackElo "1000"]
[WhiteElo "1000"]
[LiveChessVersion "1.4.8"]

1. e4 {[%clk 1:30:57]} e5 {[%clk 1:30:48]} 2. Bc4 {[%clk 1:31:04]} a6
{[%clk 1:30:33]} 3. Qf3 {[%clk 1:31:14]} Nf6 {[%clk 1:30:33]} 4. Ne2
{[%clk 1:30:12]} b5 {[%clk 1:30:30]} 5. Bb3 {[%clk 1:30:07]} Bc5 {[%clk 1:30:12]}
6. O-O {[%clk 1:29:40]} O-O {[%clk 1:30:36]} 7. Nbc3 {[%clk 1:29:24]} a5
{[%clk 1:30:07]} 8. Nxb5 {[%clk 1:29:10]} c6 {[%clk 1:29:34]} 9. Nbc3
{[%clk 1:28:55]} Ba6 10. Qg3 {[%clk 1:27:33]} Bxe2 11. Nxe2 Nxe4 {[%clk 1:28:08]}
12. Qxe5 {[%clk 1:28:00]} Bxf2+ {[%clk 1:28:05]} 13. Kh1 {[%clk 1:27:42]} Re8
{[%clk 1:27:17]} 14. Qf5 {[%clk 1:27:47]} Nd6 {[%clk 1:26:41]} 15. Qxf2
{[%clk 1:27:48]} Rf8 {[%clk 1:26:01]} 16. Qe1 {[%clk 1:27:29]} Ne4
{[%clk 1:26:05]} 17. Bxf7+ {[%clk 1:27:20]} Rxf7 {[%clk 1:26:17]} 18. Nf4
{[%clk 1:27:01]} Qf6 {[%clk 1:24:19]} 19. Qxe4 {[%clk 1:27:10]} g5
{[%clk 1:24:16]} 20. g3 {[%clk 1:27:01]} gxf4 {[%clk 1:24:14]} 21. gxf4
{[%clk 1:27:15]} Rg7 22. Qe8+ Qf8 {[%clk 1:23:21]} 23. Re1 {[%clk 1:26:54]} Qxe8
24. Rxe8+ Kf7 {[%clk 1:22:37]} 25. Rd8 {[%clk 1:26:56]} Ke7 {[%clk 1:22:57]} 26.
Rc8 {[%clk 1:26:50]} Kd6 {[%clk 1:23:03]} 27. Re8 {[%clk 1:26:23]} Rf7 28. b3
Rxf4 29. Ba3+ Kd5 30. Rae1 d6 {[%clk 1:20:00]} 31. c4+ {[%clk 1:26:27]} Kd4 32.
Bb2+ Kd3 {[%clk 1:18:59]} 33. R8e3+ {[%clk 1:26:39]} Kxd2 {[%clk 1:18:52]} 34.
Bc3+ {[%clk 1:26:44]} Kc2 {[%clk 1:18:39]} 35. R1e2+ {[%clk 1:27:06]} Kb1
{[%clk 1:18:14]} 36. Rb2+ {[%clk 1:26:55]} Ka1 {[%clk 1:18:22]} 37. Re1#
{[%clk 1:27:20]} 1-0

[Event "MSR2018s4"]
[Site "?"]
[Date "2018.04.22"]
[Round "3.12"]
[White "Sun, Martin"]
[Black "Gobl, Fabian"]
[Result "0-1"]
[BlackElo "1118"]
[WhiteElo "1000"]
[LiveChessVersion "1.4.8"]

1. e4 {[%clk 1:30:30]} c6 {[%clk 1:31:22]} 2. Nf3 {[%clk 1:31:20]} Nf6
{[%clk 1:31:31]} 3. e5 {[%clk 1:31:34]} Ne4 {[%clk 1:31:58]} 4. Qe2
{[%clk 1:31:46]} d5 {[%clk 1:32:06]} 5. Nc3 {[%clk 1:31:56]} Nxc3
{[%clk 1:31:24]} 6. dxc3 {[%clk 1:32:10]} e6 {[%clk 1:31:25]} 7. Bg5
{[%clk 1:32:17]} Be7 {[%clk 1:31:31]} 8. Bf4 {[%clk 1:31:51]} O-O
{[%clk 1:31:49]} 9. g3 {[%clk 1:31:38]} Nd7 {[%clk 1:31:02]} 10. Bg2
{[%clk 1:31:19]} Nc5 {[%clk 1:30:35]} 11. O-O {[%clk 1:31:06]} b6
{[%clk 1:30:42]} 12. Rad1 {[%clk 1:30:48]} Ba6 {[%clk 1:30:48]} 13. c4
{[%clk 1:29:47]} Na4 {[%clk 1:30:29]} 14. b3 {[%clk 1:29:21]} Nb2
{[%clk 1:30:36]} 15. Rd4 {[%clk 1:28:11]} b5 16. cxb5 {[%clk 1:29:05]} Bxb5
{[%clk 1:30:34]} 17. c4 {[%clk 1:29:15]} Ba6 {[%clk 1:30:14]} 18. Qxb2
{[%clk 1:29:22]} Bc5 {[%clk 1:29:36]} 19. Rd3 {[%clk 1:28:24]} Qb6
{[%clk 1:29:28]} 20. Rc1 {[%clk 1:27:36]} dxc4 {[%clk 1:29:24]} 21. bxc4
{[%clk 1:27:22]} Qxb2 {[%clk 1:29:21]} 22. Rdc3 {[%clk 1:27:28]} Qxf2+
{[%clk 1:29:16]} 23. Kh1 {[%clk 1:27:32]} Rfd8 {[%clk 1:28:52]} 24. Rb3
{[%clk 1:27:43]} Qe2 {[%clk 1:28:53]} 25. Ng1 {[%clk 1:27:05]} Qxa2 26. Rbb1
{[%clk 1:26:16]} Bxc4 {[%clk 1:28:27]} 27. Bxc6 {[%clk 1:25:13]} Bd5+
{[%clk 1:28:15]} 28. Bxd5 {[%clk 1:25:15]} Qxd5+ 0-1

[Event "MSR2018s4"]
[Site "?"]
[Date "2018.04.22"]
[Round "3.13"]
[White "Novomeska, Karin"]
[Black "Filipiak, Magdalena"]
[Result "1/2-1/2"]
[BlackElo "1186"]
[WhiteElo "1217"]
[LiveChessVersion "1.4.8"]

1. e4 {[%clk 1:30:57]} c5 {[%clk 1:30:48]} 2. Nf3 {[%clk 1:31:21]} Nc6
{[%clk 1:30:54]} 3. Bc4 {[%clk 1:31:42]} e6 {[%clk 1:31:01]} 4. c3
{[%clk 1:31:55]} d5 {[%clk 1:29:47]} 5. exd5 {[%clk 1:32:09]} exd5
{[%clk 1:29:56]} 6. Bb5 {[%clk 1:32:20]} Nf6 {[%clk 1:28:57]} 7. O-O
{[%clk 1:32:34]} Be7 {[%clk 1:28:00]} 8. d4 {[%clk 1:32:23]} O-O {[%clk 1:26:59]}
9. Bg5 {[%clk 1:31:02]} Qb6 {[%clk 1:18:04]} 10. Qe2 {[%clk 1:21:14]} Ne4
{[%clk 1:14:24]} 11. Bxc6 {[%clk 1:17:54]} Bxg5 {[%clk 1:13:57]} 12. Nxg5
{[%clk 1:17:58]} Qxc6 {[%clk 1:13:49]} 13. Nxe4 {[%clk 1:16:55]} dxe4
{[%clk 1:13:29]} 14. dxc5 {[%clk 1:17:08]} Qxc5 {[%clk 1:09:52]} 15. Qxe4
{[%clk 1:17:14]} Qb5 {[%clk 1:09:57]} 16. b3 {[%clk 1:14:53]} Bf5
{[%clk 1:08:34]} 17. Qf4 {[%clk 1:10:35]} Rfe8 {[%clk 1:06:44]} 18. Na3
{[%clk 1:07:24]} Qc5 {[%clk 1:04:35]} 19. Nc4 {[%clk 1:07:42]} Bd3
{[%clk 1:03:39]} 20. Nd6 {[%clk 1:05:59]} Re7 {[%clk 0:57:24]} 21. Rfd1
{[%clk 0:48:35]} Bg6 {[%clk 0:54:05]} 22. Rd2 {[%clk 0:39:32]} Qxc3
{[%clk 0:51:07]} 23. Rad1 {[%clk 0:39:02]} h6 {[%clk 0:47:50]} 24. Nf5
{[%clk 0:35:23]} Bxf5 {[%clk 0:47:24]} 25. Qxf5 {[%clk 0:35:40]} Re1+
{[%clk 0:47:44]} 26. Rxe1 {[%clk 0:36:00]} Qxd2 {[%clk 0:48:05]} 27. Qe4
{[%clk 0:29:26]} Rd8 {[%clk 0:45:43]} 28. h3 {[%clk 0:29:22]} Qxa2
{[%clk 0:45:15]} 29. Qxb7 1/2-1/2